History Quiz

Random History or Biography Quiz

Philosopher Biographies Quiz Stats

 Plays Quiz Updated Feb 20, 2020

Support Sporcle.
Go Orange.
Score 0/25 Timer 10:00
0 Plays Today
% Correct
Confucius
86.7%
Karl Marx
86.4%
Aristotle
78.5%
Plato
74.2%
Friedrich Nietzsche
72.2%
St. Augustine
69.6%
Thomas Aquinas
67.3%
René Descartes
66.2%
Søren Kierkegaard
62.8%
Socrates
62.6%
John Locke
56.3%
Immanuel Kant
55.9%
Thomas Hobbes
55.9%
% Correct
John Stuart Mill
55%
David Hume
53.7%
Voltaire
51.8%
John Dewey
50.8%
Gottfried Wilhelm Leibniz
46.3%
Jean-Jacques Rousseau
44.9%
Baruch Spinoza
44.2%
Georg Wilhelm Friedrich Hegel
38.8%
Martin Heidegger
37%
George Berkeley
36.6%
Ludwig Wittgenstein
35.6%
Gottlob Frege
21.6%

You're not logged in!

Compare scores with friends on all Sporcle quizzes.
OR
Log In

From the Vault

Italian Words - Meanings by Images

by WillieG

You can use your knowledge of false cognates to prove your multiculturalism.
Remove Ads.
Support Sporcle.
Get the best of Sporcle when you Go Orange. This ad-free experience offers more features, more stats, and more fun while also helping to support Sporcle. Thank you for becoming a member.

Show Comments

Extras

Top Quizzes Today


Score Distribution

Your Account Isn't Verified!

In order to create a playlist on Sporcle, you need to verify the email address you used during registration. Go to your Sporcle Settings to finish the process.

Report this User

Report this user for behavior that violates our Community Guidelines.

Details: